[Event "OP-2019-0-04891"]
[Site "LSS email"]
[Date "2019.12.16"]
[Round "?"]
[White "Mostowik, Daniel"]
[Black "Brogioni, Maurizio"]
[Result "1-0"]
[WhiteElo "2201"]
[BlackElo "1534"]
[PlyCount "77"]
[EventDate "2019.12.08"]
[EventType "tourn (corr)"]
[EventRounds "4"]
[EventCountry "GER"]
[SourceTitle "Corr 2022"]
[Source "ChessBase"]
[SourceDate "2021.10.24"]
[SourceVersion "1"]
[SourceVersionDate "2021.10.24"]
[SourceQuality "1"]

1. Nf3 c5 2. c4 Nf6 3. Nc3 b6 4. e4 Nc6 5. d4 cxd4 6. Nxd4 Bb7 7. f3 e6 8. Be3 Bc5 9. Qd2 0-0 10. Nxc6 Bxc6 11. Bxc5 bxc5 12. e5 Ne8 13. 0-0-0 f6 14. Qe3 fxe5 15. Qxe5 Rf5 16. Qe3 Qb8 17. Bd3 Re5 18. Qf2 Nf6 19. g4 Qb4 20. f4 Ne4 21. Qc2 Nxc3 22. bxc3 Qb7 23. fxe5 Bxh1 24. Bxh7+ Kh8 25. Rf1 Qg2 26. Bd3 Rb8 27. Qxg2 Bxg2 28. Rf7 Rd8 29. h4 Kg8 30. Rf2 Bh3 31. g5 Rb8 32. Be4 Bg4 33. g6 Rd8 34. Kc2 a6 35. Rd2 Kf8 36. Rd6 Ke7 37. Rxa6 Bf5 38. Bxf5 exf5 39. a4 1-0

[Event "OP-2017-0-04439"]
[Site "LSS email"]
[Date "2017.09.26"]
[Round "?"]
[White "Obrien, Glenn"]
[Black "Brogioni, Maurizio"]
[Result "1/2-1/2"]
[WhiteElo "1401"]
[BlackElo "1556"]
[PlyCount "46"]
[EventDate "2017.09.16"]
[EventType "tourn (corr)"]
[EventRounds "4"]
[EventCountry "GER"]
[SourceTitle "Corr 2022"]
[Source "ChessBase"]
[SourceDate "2021.10.24"]
[SourceVersion "1"]
[SourceVersionDate "2021.10.24"]
[SourceQuality "1"]

1. e4 e5 2. Nf3 Nc6 3. Bb5 a6 4. Ba4 Nf6 5. 0-0 Nxe4 6. d4 b5 7. Bb3 d5 8. dxe5 Be6 9. Nbd2 Be7 10. c3 0-0 11. Bc2 f5 12. Nb3 Qd7 13. Nbd4 Nxd4 14. Nxd4 c5 15. Nxe6 Qxe6 16. f3 Ng5 17. a4 Rad8 18. axb5 axb5 19. Bxg5 Bxg5 20. f4 Be7 21. Kh1 h6 22. Ra5 d4 23. Qf3 c4 1/2-1/2

[Event "LSS No Engine Cup 64 Preliminary 3"]
[Site "LSS email"]
[Date "2012.04.21"]
[Round "?"]
[White "Feng, Jason"]
[Black "Brogioni, Maurizio"]
[Result "0-1"]
[WhiteElo "887"]
[BlackElo "1252"]
[PlyCount "62"]
[EventDate "2012.04.22"]
[EventType "tourn (corr)"]
[EventRounds "6"]
[EventCountry "GER"]
[SourceTitle "Telechess CBM 165"]
[Source "ChessBase"]
[SourceDate "2015.03.11"]
[SourceVersion "1"]
[SourceVersionDate "2015.03.11"]
[SourceQuality "1"]

1. e4 d6 2. d4 Nf6 3. Nc3 g6 4. Nf3 Bg7 5. Be3 c6 6. Qd2 Qa5 7. Bh6 Bxh6 8. Qxh6 Nxe4 9. Qe3 Nxc3 10. Qxc3 Qxc3+ 11. bxc3 Bg4 12. Be2 Bxf3 13. Bxf3 Nd7 14. 0-0 0-0-0 15. Rfb1 Kc7 16. c4 e5 17. dxe5 dxe5 18. Rd1 Rhe8 19. Rd2 Nc5 20. Rad1 e4 21. Rxd8 Rxd8 22. Rxd8 Kxd8 23. Be2 Na4 24. Bg4 Nc3 25. a3 a5 26. Kf1 Nb1 27. f3 h5 28. Bh3 Nxa3 29. fxe4 Nxc4 30. g4 hxg4 31. Bxg4 Ne3+ 0-1

[Event "CP-2010-P-00017"]
[Site "LSS email"]
[Date "2010.09.28"]
[Round "?"]
[White "Giurgiu, Nicolas T"]
[Black "Brogioni, Maurizio"]
[Result "1-0"]
[WhiteElo "2082"]
[BlackElo "1392"]
[PlyCount "153"]
[EventDate "2010.10.01"]
[EventType "tourn (corr)"]
[EventRounds "6"]
[EventCountry "GER"]
[SourceTitle "Telechess CBM 147"]
[Source "ChessBase"]
[SourceDate "2012.03.16"]
[SourceVersion "1"]
[SourceVersionDate "2012.03.16"]
[SourceQuality "1"]

1. e4 e5 2. Nf3 Nc6 3. Bb5 a6 4. Ba4 Nf6 5. 0-0 Be7 6. Re1 b5 7. Bb3 d6 8. c3 0-0 9. h3 Na5 10. Bc2 c5 11. d4 Qc7 12. d5 Bd7 13. b3 Nb7 14. Nbd2 h6 15. c4 Na5 16. Bd3 Rfe8 17. Nf1 Rab8 18. Bd2 Nh7 19. Qc1 Qd8 20. Qc3 b4 21. Qc2 Ng5 22. Be2 Nxf3+ 23. Bxf3 Bg5 24. Ne3 Nb7 25. Qd1 a5 26. a4 Qc8 27. Bh5 Rf8 28. Qe2 Qd8 29. Bg4 Bxe3 30. Bxe3 Bxg4 31. Qxg4 Qf6 32. Ra2 Qg6 33. Qf5 Kh7 34. g4 Qxf5 35. exf5 g6 36. f4 gxf5 37. fxe5 dxe5 38. gxf5 Rg8+ 39. Kh2 Rbc8 40. f6 Nd6 41. Rf2 Rg6 42. Bc1 Re8 43. Ree2 Kh8 44. Be3 Rc8 45. Rf1 Ne4 46. Rg2 Rxf6 47. Rxf6 Nxf6 48. Bxh6 Kh7 49. Bg5 Ne4 50. Rg4 Nxg5 51. Rxg5 f6 52. Rg3 Kh6 53. Kg2 f5 54. h4 e4 55. Rg5 f4 56. Kf2 Re8 57. Rf5 f3 58. h5 e3+ 59. Ke1 Rg8 60. Rxf3 Kxh5 61. Ke2 Kg4 62. Kxe3 Re8+ 63. Kf2 Rh8 64. d6 Rd8 65. Rd3 Kf5 66. Ke3 Rd7 67. Rd5+ Ke6 68. Ke4 Kf6 69. Rf5+ Ke6 70. Re5+ Kf6 71. Kd5 Rd8 72. Re1 Kg5 73. Kxc5 Kf6 74. Kc6 Rc8+ 75. Kb7 Rh8 76. d7 Kg5 77. Re8 1-0

[Event "LSS No Engine Cup 23 Preliminary 5"]
[Site "LSS email"]
[Date "2010.06.04"]
[Round "?"]
[White "Selmeczi, Jozsef"]
[Black "Brogioni, Maurizio"]
[Result "1-0"]
[WhiteElo "1619"]
[BlackElo "1200"]
[PlyCount "95"]
[EventDate "2010.06.05"]
[EventType "tourn (corr)"]
[EventRounds "6"]
[EventCountry "GER"]
[SourceTitle "Telechess CBM 143"]
[Source "ChessBase"]
[SourceDate "2011.07.15"]
[SourceVersion "1"]
[SourceVersionDate "2011.07.15"]
[SourceQuality "1"]

1. d4 d5 2. Nf3 f5 3. Bf4 Nf6 4. c4 e6 5. e3 Bd6 6. c5 Bxf4 7. exf4 b6 8. Nbd2 bxc5 9. dxc5 0-0 10. Nb3 Ne4 11. Rc1 Bd7 12. Nbd4 Nxc5 13. Rxc5 c6 14. a3 Bc8 15. Ne5 Qe7 16. Qc1 Nd7 17. Rxc6 Nxe5 18. fxe5 Qh4 19. Qe3 f4 20. Qd2 Qh5 21. Qe2 Qf7 22. Qf3 Bd7 23. Rc2 Qe7 24. Bd3 Qg5 25. Re2 Rab8 26. 0-0 a5 27. b3 g6 28. Rc1 Rfc8 29. Rxc8+ Rxc8 30. Re1 Rc3 31. Qd1 f3 32. Qxf3 Qe7 33. Rd1 a4 34. bxa4 Rxa3 35. Rb1 Qd8 36. Nb5 Rxa4 37. Nd6 Qf8 38. Qg3 Ra3 39. h4 Qd8 40. h5 Ra8 41. Bxg6 Qf8 42. Bxh7+ Kh8 43. Bg6 Be8 44. Bxe8 Qg7 45. Qf4 Ra7 46. Rb8 Ra1+ 47. Kh2 Ra7 48. Bg6+ 1-0

[Event "LSS OP-2009-0-00934"]
[Site "LSS email"]
[Date "2009.09.06"]
[Round "?"]
[White "Brogioni, Maurizio"]
[Black "Szymanski, Robert"]
[Result "0-1"]
[WhiteElo "1200"]
[BlackElo "2325"]
[PlyCount "116"]
[EventDate "2009.08.31"]
[EventType "tourn (corr)"]
[EventRounds "4"]
[EventCountry "GER"]
[SourceTitle "Telechess CBM 137"]
[Source "ChessBase"]
[SourceDate "2010.07.15"]
[SourceVersion "1"]
[SourceVersionDate "2010.07.15"]
[SourceQuality "1"]

1. e4 e6 2. d4 d5 3. exd5 exd5 4. Nf3 Nc6 5. Bd3 Bd6 6. 0-0 Nge7 7. Nc3 Bg4 8. h3 Bh5 9. Re1 Nb4 10. g4 Bg6 11. Bxg6 hxg6 12. a3 Nbc6 13. Nxd5 Qd7 14. Ng5 f6 15. Ne6 Rxh3 16. c3 g5 17. f4 Kf7 18. Nxe7 Nxe7 19. Qb3 Kg6 20. f5+ Kh7 21. Qxb7 Rb8 22. Qe4 Qc6 23. Re2 Qxe4 24. Rxe4 Kg8 25. Ra2 Kf7 26. Be3 Rbh8 27. Bf2 g6 28. fxg6+ Nxg6 29. Kf1 Rh1+ 30. Ke2 R8h2 31. Re3 Nf4+ 32. Nxf4 Bxf4 33. Rf3 Kg6 34. d5 f5 35. gxf5+ Kxf5 36. Kd3 Rd1+ 37. Kc4 Ke4 38. Rxf4+ gxf4 39. Bxa7 Rb1 40. d6 cxd6 41. Kb3 f3 42. a4 f2 43. Bxf2 Rxf2 44. a5 Rh1 45. a6 Rh8 46. Ra1 Rb8+ 47. Kc4 d5+ 48. Kc5 Rc8+ 49. Kd6 Rf6+ 50. Ke7 Rh6 51. a7 Ra8 52. Re1+ Kd3 53. Ra1 Rxa7+ 54. Rxa7 Rh7+ 55. Kd6 Rxa7 56. Kxd5 Ra5+ 57. Kc6 Kc4 58. Kd6 Rb5 0-1